Changes to Welsh Development Plan system (Record no. 72820)
[ view plain ]
| 000 -LEADER | |
|---|---|
| fixed length control field | 01168cam a2200217 4500 |
| 001 - CONTROL NUMBER | |
| control field | WB3921-18 |
| 008 - FIXED-LENGTH DATA ELEMENTS--GENERAL INFORMATION | |
| fixed length control field | 030604n2003 000 0 eng u |
| 035 ## - SYSTEM CONTROL NUMBER | |
| System control number | (Sirsi) u122518 |
| 245 ## - TITLE STATEMENT | |
| Title | Changes to Welsh Development Plan system |
| 260 ## - PUBLICATION, DISTRIBUTION, ETC. | |
| Date of publication, distribution, etc. | 2003 |
| 490 ## - SERIES STATEMENT | |
| Series statement | National Assembly for Wales Press Release |
| Volume/sequential designation | 3 June 2003 (1) |
| 520 ## - SUMMARY, ETC. | |
| Summary, etc. | The Welsh Assembly Government has issued the "Initial guidance note on the implications for development plans in Wales of the Planning and Compulsory Purchase Bill". It is intended to aid the transition from the use of unitary development plans to local development plans, due for implementation by 2005. Copies of the guidance note are available at http://www.wales.gov.uk/subiplanning/index.htm. http://www.wales.gov.uk/servlet/PressReleaseByDateServlet?area_code=37E752F2000942E000000A2E00000000&document_code=N0000000000000000000000000010013. |
| 590 ## - LOCAL NOTE (RLIN) | |
| Local note | WB |
| 650 ## - SUBJECT ADDED ENTRY--TOPICAL TERM | |
| Topical term or geographic name entry element | WALES |
| 650 ## - SUBJECT ADDED ENTRY--TOPICAL TERM | |
| Topical term or geographic name entry element | UNITARY DEVELOPMENT PLANS |
| 650 ## - SUBJECT ADDED ENTRY--TOPICAL TERM | |
| Topical term or geographic name entry element | LOCAL DEVELOPMENT PLANS |
| 650 ## - SUBJECT ADDED ENTRY--TOPICAL TERM | |
| Topical term or geographic name entry element | GUIDANCE NOTE |
| 650 ## - SUBJECT ADDED ENTRY--TOPICAL TERM | |
| Topical term or geographic name entry element | Compulsory purchase |
| 9 (RLIN) | 6228 |
| 690 ## - LOCAL SUBJECT ADDED ENTRY--TOPICAL TERM (OCLC, RLIN) | |
| Topical term or geographic name as entry element | ENVIRONMENTAL AND LAND CONSULTANCY-PLANNING AND DEVELOPMENT |
| 942 ## - ADDED ENTRY ELEMENTS (KOHA) | |
| Suppress in OPAC | 0 |
| Withdrawn status | Lost status | Source of classification or shelving scheme | Damaged status | Not for loan | Home library | Current library | Shelving location | Date acquired | Total Checkouts | Full call number | Barcode | Date last seen | Copy number | Price effective from | Koha item type |
|---|---|---|---|---|---|---|---|---|---|---|---|---|---|---|---|
| Dewey Decimal Classification | London | London | News article | 04/06/2003 | WB3921-18 | 122518-1001 | 06/08/2019 | 1 | 06/08/2019 | News article |